Las Formas del Árbol. 30 años de democracia en Chile
Uloženo v:
| Hlavní autor: | |
|---|---|
| Médium: | Kniha |
| Jazyk: | angličtina |
| Vydáno: |
Valparaíso, Chile:
Ediciones Universitarias de Valparaíso,
2021
|
| Témata: | |
| Tagy: |
Přidat tag
Žádné tagy, Buďte první, kdo vytvoří štítek k tomuto záznamu!
|
MARC
| LEADER | 00000nam a22000007a 4500 | ||
|---|---|---|---|
| 003 | CL-VaPUC | ||
| 005 | 20221103085434.0 | ||
| 008 | 220606b2021 ||||| |||| 00| 0 eng d | ||
| 999 | |c 435826 |d 435824 | ||
| 020 | |a 978-956-17-0959-1 | ||
| 040 | |c Pontificia Universidad Católica de Valparaíso | ||
| 082 | 0 | 4 | |2 22 |a 320.983 TRA 2021 |
| 100 | 1 | |a Traslaviña, Hugo |9 486895 |e autor | |
| 245 | 1 | 4 | |a Las Formas del Árbol. |b 30 años de democracia en Chile |
| 260 | |a Valparaíso, Chile: |b Ediciones Universitarias de Valparaíso, |c 2021 | ||
| 300 | |a 279 páginas | ||
| 500 | |a C.1 Donación. Ediciones Universitarias de Valparaíso. Memo 03/05/2022 c.2 Donación Sr. Claudio Elórtegui R. / julio 20222. | ||
| 583 | |c 20220606 |k Catalogador Asistente | ||
| 650 | 1 | |a Democracia |x Historia de Chile |y 1990-2020 |9 874938 | |
| 650 | 1 | |a Política y gobierno |z Chile |y 1990-2020 |9 874939 | |
| 942 | |2 ddc |c BK | ||
| 952 | |0 0 |1 0 |2 ddc |4 0 |6 320_983000000000000_TRA_2021 |7 0 |8 A |9 583462 |a BIBHIS |b BIBHIS |c GEN |d 2022-06-06 |e Donación |i 5651601 |o 320.983 TRA 2021 |p 5651601 |r 2025-01-20 |t 1 |w 2022-06-06 |y BK |k HIS | ||
| 952 | |0 0 |1 0 |2 ddc |4 0 |6 320_983000000000000_TRA_2021 |7 0 |8 A |9 587549 |a BIBHIS |b BIBHIS |c GEN |d 2022-11-03 |e Donación |i 5655380 |o 320.983 TRA 2021 |p 5655380 |r 2025-01-20 |t 2 |w 2022-11-03 |y BK |k HIS | ||
| 952 | |0 0 |1 0 |2 ddc |4 0 |6 320_983000000000000_TRA_2021 |7 0 |8 A |9 596847 |a BIBGIM |b BIBGIM |d 2024-09-16 |i 5662770 |o 320.983 TRA 2021 |p 5662770 |r 2025-01-15 |t 3 |w 2024-09-16 |y BK |k ELE | ||